| 000 | 00420nam a2200157Ia 4500 | ||
|---|---|---|---|
| 008 | 180921t2014 xxu||||| |||| 00| 0 eng d | ||
| 041 | _aeng | ||
| 080 |
_a37 _bSEN |
||
| 100 | _aSenaratne,Ranjith | ||
| 245 | _aArticles and Speeches related to Higher Education and National Development | ||
| 260 |
_bS.n. _aS.I. _c2014 |
||
| 300 | _b206p, 23cm | ||
| 942 | _cBK | ||
| 999 |
_c4997 _d4997 |
||
| 003 | LK-CoDNM | ||
| 040 |
_aLK-CoDNM _dLK-CoDNM _eLK-CoDNM |
||